अमृता प्रीतम : चुने हुए उपन्यास (Record no. 8315)

MARC details
000 -LEADER
fixed length control field 00654 a2200181 4500
001 - CONTROL NUMBER
control field 134784
003 - CONTROL NUMBER IDENTIFIER
control field OSt
005 - DATE AND TIME OF LATEST TRANSACTION
control field 20210930160714.0
008 - FIXED-LENGTH DATA ELEMENTS--GENERAL INFORMATION
fixed length control field
020 ## - INTERNATIONAL STANDARD BOOK NUMBER
International Standard Book Number 9788126319718
082 ## - DEWEY DECIMAL CLASSIFICATION NUMBER
Classification number 891.423008
Item number A78C
100 1# - MAIN ENTRY--PERSONAL NAME
Personal name प्रीतम, अमृता
245 1# - TITLE STATEMENT
Title अमृता प्रीतम : चुने हुए उपन्यास
Statement of responsibility, etc by अमृता प्रीतम
260 ## - PUBLICATION, DISTRIBUTION, ETC. (IMPRINT)
Place of publication, distribution, etc नई दिल्ली
Name of publisher, distributor, etc भारतीय ज्ञानपीठ
Date of publication, distribution, etc 2010
300 ## - PHYSICAL DESCRIPTION
Extent 679p.
690 ## - LOCAL SUBJECT ADDED ENTRY--TOPICAL TERM (OCLC, RLIN)
Topical term or geographic name as entry element हिन्दी साहित्य; अमृता प्रीतम
942 ## - ADDED ENTRY ELEMENTS (KOHA)
Source of classification or shelving scheme Dewey Decimal Classification
Koha item type Books
Holdings
Withdrawn status Lost status Source of classification or shelving scheme Damaged status Not for loan Collection code Home library Current library Date acquired Source of acquisition Cost, normal purchase price Total Checkouts Full call number Barcode Date last seen Date checked out Price effective from Koha item type
    Dewey Decimal Classification     General Text Book Central University Of Rajasthan Central University Of Rajasthan 09/10/2012 HND 550.00 4 891.423008 A78C 8514 06/02/2026 03/02/2026 02/09/2020 Books